000 00847nam a2200301Ia 4500
001 Para_6082
003 CHAP
008 220125s1974 xx 000 0 und d
010 _a204862
040 _cCHAP
082 _aPA-C 589.2 A85
245 _aAn atlas of fungal utrastructure /
_c by A. Beckett, I. B. Heath, and D. J. McLaughlin
260 _aLondres :
_b L
300 _a221 p.
650 _aHongos
_x Fisiología
_9170802
650 _aHongos
_x Genética
_956102
650 _aHongos
_x Morfología
_9170803
700 _aBeckett, A.
_911209
700 _aHeath, I.B.
_9170804
700 _aMcLaughliin, D. J.
_973666
901 _aPA-C 589.2 A85
902 _aA
905 _a0000001974 a 0000000000 00
910 _a1974
942 _cPARA
942 _cPARA
_d1
999 _c204862
_d204862